Welcome to the Holygrace Academy Library

Please use search bar below to get started

KUSRITHIKKANAKKUKAL (Record no. 8979)

MARC details
000 -LEADER
fixed length control field 00317nam a22001337a 4500
082 ## - DEWEY DECIMAL CLASSIFICATION NUMBER
Classification number 894.812
Item number RAJ/K
100 ## - MAIN ENTRY--AUTHOR NAME
Personal name RAJEEV KUMAR
245 ## - TITLE STATEMENT
Title KUSRITHIKKANAKKUKAL
246 ## - VARYING FORM OF TITLE
Title proper/short title KUSRITHIKKANAKKUKAL
Remainder of title KUSRITHIKKANAKKUKAL
260 ## - PUBLICATION, DISTRIBUTION, ETC. (IMPRINT)
Place of publication MALAPPURAM
Name of publisher ASHARAFI
Year of publication 2010
300 ## - PHYSICAL DESCRIPTION
Number of Pages 40
650 ## - SUBJECT ADDED ENTRY--TOPICAL TERM
Topical Term MALAYALAM G K
942 ## - ADDED ENTRY ELEMENTS (KOHA)
Koha item type Books
Holdings
Withdrawn status Lost status Collection code Home library Current library Shelving location Date acquired Source of acquisition Cost, normal purchase price Full call number Accession Number Koha item type
    G.K Main Library Main Library SHELF 6 B MALAYALAM QUIZ,RIDDLES,HUMOUR,PAZHAMCHOLLUKAL 26/03/2015 PURCHASED 10.00 894.812 MOO/K 09708 Books
    G.K Main Library Main Library SHELF 6 B MALAYALAM QUIZ,RIDDLES,HUMOUR,PAZHAMCHOLLUKAL 26/03/2015 PURCHASED 10.00 894.812 MOO/K 06239 Books
    G.K Main Library Main Library SHELF 6 B MALAYALAM QUIZ,RIDDLES,HUMOUR,PAZHAMCHOLLUKAL 02/12/2024 PURCHASED 10.00 894.812RAJ/K 01008 Books